01164 a2200205 4500003000500000005001700005010001600022020003500038040000900073082001700082100001800099245005800117260003000175300003500205440003600240505048800276650003400764856008600798856007400884Nust20221129145600.0 a 98035333 a0750696559 (pbk. : alk. paper) cNust00a621.3815,LEN1 aLenk, John D.10aSimplified design of filter circuits /cJohn D. Lenk. aBoston :bNewnes,cc1999. axiii, 224 p. :bill. ;c24 cm. 0aEDN series for design engineers aIntroduction To Electronic Filters (Page-1), Typical Switched Capacitor Filter (Page-27), Continuous Lowpass Filters (Page-47), Zero DC-Error Lowpass Filters (Page-65), General Purpose Lowpass Filters (Page-91), General Purpose Elliptic Lowpass Filters (Page-101), Tabular Design Of Bandpass Filters (Page-113), Practical Considerations For Switched Capacitor Filters (Page-129), Active RC Filters Using Current-Feedback Amplifiers (Page-155), Simplified Design Examples (Page-169). 0aTelecommunication engineering423Publisher descriptionuhttp://www.loc.gov/catdir/description/els033/98035333.html423Table of contentsuhttp://www.loc.gov/catdir/toc/els032/98035333.html